[Event "Ricany op-A"]
[Site "Ricany"]
[Date "2014.08.29"]
[Round "8"]
[White "Lacza, Tibor"]
[Black "Starek, Stanislav"]
[Result "1/2-1/2"]
[WhiteElo "2067"]
[BlackElo "2123"]
[PlyCount "60"]
[EventDate "2014.08.23"]
[EventType "swiss"]
[EventRounds "9"]
[EventCountry "CZE"]
[SourceTitle "EXT 2015"]
[Source "ChessBase"]
[SourceDate "2014.11.20"]
[SourceVersion "1"]
[SourceVersionDate "2014.11.20"]
[SourceQuality "1"]

1. d4 Nf6 2. c4 e6 3. Nf3 d5 4. Nc3 Bb4 5. cxd5 exd5 6. Bg5 h6 7. Qa4+ Nc6 8. Bxf6 Qxf6 9. Ne5 0-0 10. Nxc6 Bxc3+ 11. bxc3 Bd7 12. e3 a6 13. Be2 Bxc6 14. Qb3 Rfe8 15. 0-0 Qg5 16. a4 Re6 17. Bf3 Rf6 18. Qd1 Re8 19. g3 Bd7 20. Bg2 b5 21. axb5 Bxb5 22. Re1 Qf5 23. Ra2 Bc4 24. Rb2 Rb6 25. Rxb6 cxb6 26. Qa4 Re6 27. Qd7 Qc2 28. Bxd5 Qxc3 29. Qc8+ Kh7 30. Rf1 b5 1/2-1/2

[Event "Ricany op"]
[Site "Ricany"]
[Date "2013.08.30"]
[Round "8"]
[White "Vanka, Miloslav"]
[Black "Lacza, Tibor"]
[Result "1/2-1/2"]
[WhiteElo "2173"]
[BlackElo "2011"]
[PlyCount "128"]
[EventDate "2013.08.24"]
[EventType "swiss"]
[EventRounds "9"]
[EventCountry "CZE"]
[SourceTitle "EXT 2022"]
[Source "ChessBase"]
[SourceDate "2021.10.06"]
[SourceVersion "1"]
[SourceVersionDate "2021.10.06"]
[SourceQuality "1"]

1. e4 c6 2. d4 d5 3. e5 Bf5 4. c3 e6 5. Be3 Nd7 6. Nd2 c5 7. f4 cxd4 8. Bxd4 Bc5 9. Ngf3 Ne7 10. Nb3 Bxd4 11. Nfxd4 0-0 12. Bd3 Bxd3 13. Qxd3 Rc8 14. 0-0 Nc5 15. Nxc5 Rxc5 16. Rae1 Ra5 17. a3 Nc6 18. Rf2 Qb6 19. Nf3 h6 20. Nd4 Nxd4 21. cxd4 Ra4 22. Rd1 Rc4 23. Rfd2 Rfc8 24. f5 exf5 25. Qxf5 Qe6 26. Qxe6 fxe6 27. g3 b5 28. Rd3 Kf7 29. Rf1+ Kg6 30. Rf2 Rc2 31. Rb3 a6 32. h3 R8c4 33. Rxc2 Rxc2 34. a4 bxa4 35. Rb6 Kf5 36. Rxa6 Rxb2 37. Rxa4 Ke4 38. Ra6 Kxd4 39. Rxe6 Re2 40. Rg6 Rxe5 41. Rxg7 Kc3 42. Kf2 d4 43. Rc7+ Kd2 44. Rc6 Rf5+ 45. Kg2 h5 46. g4 hxg4 47. hxg4 Rf8 48. g5 d3 49. g6 Kd1 50. g7 Re8 51. Kf2 Kd2 52. Rc7 Rg8 53. Kf3 Ke1 54. Re7+ Kd1 55. Kf2 Rc8 56. Rf7 Rg8 57. Rd7 Kc2 58. Rc7+ Kd2 59. Rd7 Kc3 60. Rc7+ Kd4 61. Rd7+ Kc4 62. Rc7+ Kd5 63. Rd7+ Ke4 64. Re7+ Kf5 1/2-1/2

[Event "Ricany op"]
[Site "Ricany"]
[Date "2013.08.29"]
[Round "7"]
[White "Lacza, Tibor"]
[Black "Liuba, Volodymyr"]
[Result "0-1"]
[WhiteElo "2011"]
[BlackElo "2196"]
[PlyCount "68"]
[EventDate "2013.08.24"]
[EventType "swiss"]
[EventRounds "9"]
[EventCountry "CZE"]
[SourceTitle "EXT 2022"]
[Source "ChessBase"]
[SourceDate "2021.10.06"]
[SourceVersion "1"]
[SourceVersionDate "2021.10.06"]
[SourceQuality "1"]

1. d4 Nf6 2. c4 e6 3. Nf3 b6 4. a3 Bb7 5. Nc3 d5 6. Bg5 Be7 7. e3 0-0 8. Rc1 Nbd7 9. cxd5 exd5 10. b4 a5 11. Qb3 axb4 12. axb4 Ne4 13. Bxe7 Qxe7 14. Be2 Nxc3 15. Qxc3 Ra2 16. Bd3 Rfa8 17. 0-0 c6 18. Rb1 Qe8 19. Rb3 b5 20. Re1 Nf6 21. Ne5 Ne4 22. Bxe4 dxe4 23. f4 f6 24. Ng4 Bc8 25. Nf2 Be6 26. Rb2 R8a3 27. Qd2 Bc4 28. Rc1 Rxb2 29. Qxb2 Rxe3 30. h3 Re2 31. Rc2 Rxc2 32. Qxc2 e3 33. Ne4 e2 34. Kf2 f5 0-1

[Event "Ricany op"]
[Site "Ricany"]
[Date "2013.08.24"]
[Round "1"]
[White "Svoboda, Jaroslav1111"]
[Black "Lacza, Tibor"]
[Result "0-1"]
[WhiteElo "1557"]
[BlackElo "2011"]
[PlyCount "70"]
[EventDate "2013.08.24"]
[EventType "swiss"]
[EventRounds "9"]
[EventCountry "CZE"]
[SourceTitle "EXT 2022"]
[Source "ChessBase"]
[SourceDate "2021.10.06"]
[SourceVersion "1"]
[SourceVersionDate "2021.10.06"]
[SourceQuality "1"]

1. e4 c6 2. d4 d5 3. Nc3 dxe4 4. Nxe4 Bf5 5. Nc3 e6 6. Nf3 Nf6 7. Bc4 Bb4 8. 0-0 Nbd7 9. h3 0-0 10. Bg5 Qa5 11. Ne2 Ne4 12. Bf4 Rfd8 13. c3 Be7 14. Qc1 Rac8 15. Ng3 Nxg3 16. Bxg3 c5 17. dxc5 Qxc5 18. Bb3 Nf6 19. Nd4 Ne4 20. Nxf5 Qxf5 21. Bc2 Nxg3 22. fxg3 Qe5 23. Rf3 Bg5 24. Qf1 Rd2 25. Rc1 Qc5+ 26. Kh2 Rxc2 27. Rxf7 Qd5 28. Rd1 Rxg2+ 29. Qxg2 Qxg2+ 30. Kxg2 Kxf7 31. Rd7+ Kf6 32. Rxb7 a5 33. Kf3 a4 34. Rb4 a3 35. b3 Rxc3+ 0-1